Meghalt Konkoly Anna

Elmentve itt :
Bibliográfiai részletek
Dokumentumtípus: Cikk
Megjelent: 1983-06-02
Sorozat:Délmagyarország 73 No. 129
Kulcsszavak:Konkoly Anna
Online Access:http://dmarchiv.bibl.u-szeged.hu/96092
LEADER 00388nab a2200145 i 4500
001 delm96092
005 20190627102223.0
008 190627s1983 hu o 0|| hun d
040 |a SZTE Délmagyarország Archívum  |b hun 
041 |a hun 
245 0 0 |a Meghalt Konkoly Anna  |h [elektronikus dokumentum] 
260 |c 1983-06-02 
300 |a 8 
490 0 |a Délmagyarország  |v 73 No. 129 
695 |a Konkoly Anna